Things That Are Black - Statistics

General Stats
  • This quiz has been taken 66 times
  • The average score is 9 of 15
Answer Stats
Hint Answer % Correct
A big black cat Panther
91%
Salt & _ _ _ _ _ _ Pepper
91%
A striped horse Zebra
91%
This bird symbolizes death Crow
84%
This space object is so strong nothing can escape Black Hole
82%
A type of fruit with the color in the name Blackberry
75%
That tuxedo bird Penguin
75%
This chocolate cookie with cream Oreo
71%
A nonrenewable sedimentary rock Coal
54%
A woodwind instrument Clarinet
52%
This material is what roads are made of Asphalt
39%
Most of these balls are white with black pentagon markings Soccer
38%
This is a volcanic rock Obsidian
32%
Arctic bird that mostly lives in Iceland Puffin
25%
This chicken's meat is this color Silkie
4%
No matching quizzes found
Score Distribution
Percent of People with Each Score
Percentile by Number Answered
Your Score History
You have not taken this quiz